[Event "TUR Cup"]
[Site "Antalya"]
[Date "2020.01.29"]
[Round "6"]
[White "Aydin, Leyla"]
[Black "Suvar, Necati"]
[Result "1-0"]
[WhiteElo "1333"]
[BlackElo "1359"]
[PlyCount "31"]
[EventDate "2020.01.26"]
[EventType "swiss"]
[EventRounds "11"]
[EventCountry "TUR"]
[SourceTitle "CBM 194 Extra"]
[Source "ChessBase"]
[SourceDate "2020.03.31"]
[SourceVersion "1"]
[SourceVersionDate "2020.03.31"]
[SourceQuality "1"]

1. e4 e5 2. Nf3 Nc6 3. Bc4 Nf6 4. d4 exd4 5. 0-0 Bc5 6. e5 Ng8 7. Re1 Nge7 8. Ng5 d5 9. exd6 Qxd6 10. Nxf7 Qf6 11. Nxh8 Na5 12. Qh5+ g6 13. Qxc5 Nxc4 14. Qxc4 b5 15. Qxb5+ Bd7 16. Qe5 1-0

[Event "Istanbul Redbull Masters"]
[Site "Istanbul"]
[Date "2019.11.24"]
[Round "6.12"]
[White "Aydin, Leyla"]
[Black "Gur, Tuba"]
[Result "0-1"]
[WhiteElo "1333"]
[BlackElo "1782"]
[PlyCount "90"]
[EventDate "2019.11.23"]
[EventType "k.o."]
[EventRounds "8"]
[EventCountry "TUR"]
[SourceTitle "CBM 193 Extra"]
[Source "ChessBase"]
[SourceDate "2020.01.31"]
[SourceVersion "1"]
[SourceVersionDate "2020.01.31"]
[SourceQuality "1"]

1. e4 c6 2. d4 d5 3. e5 Bf5 4. Nc3 e6 5. Nf3 h6 6. Be3 Nd7 7. Bd3 Bg4 8. Be2 c5 9. h3 Bh5 10. Bb5 c4 11. 0-0 Ne7 12. Ne2 Bxf3 13. gxf3 Nf5 14. Bf4 a6 15. Bxd7+ Qxd7 16. Ng3 g6 17. Nxf5 gxf5 18. Kh1 Be7 19. Bg3 h5 20. f4 Qd8 21. Rg1 Qb6 22. b3 Rc8 23. f3 Bb4 24. Bf2 Qc7 25. a3 Be7 26. b4 a5 27. c3 Qc6 28. Rg2 Kd7 29. Qc2 axb4 30. axb4 Ra8 31. Rgg1 Ra6 32. Kh2 Rha8 33. Rxa6 Rxa6 34. Qb2 Qa4 35. Rc1 Qb3 36. Qxb3 cxb3 37. Rb1 Ra2 38. Kg3 b2 39. Be3 h4+ 40. Kf2 Kc6 41. Ke2 Kb5 42. Kd3 Ka4 43. Bd2 Kb3 44. Bc1 Ka3 45. Bd2 Ra1 0-1

[Event "TUR Cup"]
[Site "Antalya"]
[Date "2019.02.01"]
[Round "9"]
[White "Sabahi, Caglar"]
[Black "Aydin, Leyla"]
[Result "1/2-1/2"]
[WhiteElo "1077"]
[BlackElo "1372"]
[PlyCount "51"]
[EventDate "2019.01.27"]
[EventType "swiss"]
[EventRounds "11"]
[EventCountry "TUR"]
[SourceTitle "CBM 188 Extra"]
[Source "ChessBase"]
[SourceDate "2019.02.26"]
[SourceVersion "1"]
[SourceVersionDate "2019.02.26"]
[SourceQuality "1"]

1. e4 e5 2. Nf3 Nc6 3. d3 Nf6 4. g3 d6 5. Bg2 Be7 6. 0-0 Bg4 7. c3 Qd7 8. Re1 h5 9. Qc2 Bxf3 10. Bxf3 h4 11. Bg5 hxg3 12. fxg3 0-0-0 13. Qe2 Kb8 14. Nd2 Nh7 15. Bxe7 Qxe7 16. Nf1 Ng5 17. Bg4 Rdf8 18. Ne3 Qd8 19. Rf1 Ne7 20. Nf5 g6 21. Nh4 Ng8 22. Qd2 Nh6 23. Nf3 Nxg4 24. Qxg5 Qxg5 25. Nxg5 f6 26. h3 1/2-1/2

[Event "TUR Cup"]
[Site "Antalya"]
[Date "2019.01.31"]
[Round "8"]
[White "Aydin, Leyla"]
[Black "Saraloglu, Yasarhan"]
[Result "0-1"]
[WhiteElo "1372"]
[BlackElo "1143"]
[PlyCount "96"]
[EventDate "2019.01.27"]
[EventType "swiss"]
[EventRounds "11"]
[EventCountry "TUR"]
[SourceTitle "CBM 188 Extra"]
[Source "ChessBase"]
[SourceDate "2019.02.26"]
[SourceVersion "1"]
[SourceVersionDate "2019.02.26"]
[SourceQuality "1"]

1. e4 c5 2. Nf3 Nc6 3. d4 cxd4 4. Nxd4 g6 5. Nc3 Bg7 6. Be3 Nf6 7. Bc4 0-0 8. Bb3 d6 9. f3 Bd7 10. Qd2 Rc8 11. 0-0-0 Ne5 12. h4 Nc4 13. Bxc4 Rxc4 14. Kb1 h5 15. Bh6 Nxe4 16. Nxe4 Rxd4 17. Qe3 Qb6 18. Rxd4 Bxd4 19. Qb3 Qxb3 20. axb3 Rc8 21. c3 Bb6 22. Kc1 d5 23. Nd2 e5 24. Re1 f6 25. Nb1 Bf5 26. Bd2 Bf2 27. Rh1 b5 28. Na3 Bd3 29. Be1 Bxe1 30. Rxe1 e4 31. Kd2 Rc6 32. Nc2 Bxc2 33. Kxc2 f5 34. Rd1 Rd6 35. fxe4 fxe4 36. Kd2 Kf7 37. Ke3 Ke6 38. Kd4 Ra6 39. Kc5 Ra2 40. Rxd5 Rxb2 41. Rd6+ Kf5 42. g3 e3 43. Rd5+ Ke4 44. b4 Rd2 45. Rg5 e2 46. Rxg6 Rd5+ 47. Kc6 e1Q 48. Re6+ Re5 0-1

[Event "TUR Cup"]
[Site "Antalya"]
[Date "2019.01.27"]
[Round "1"]
[White "Aydin, Leyla"]
[Black "Usluoglu, Servet"]
[Result "0-1"]
[WhiteElo "1372"]
[BlackElo "1783"]
[PlyCount "99"]
[EventDate "2019.01.27"]
[EventType "swiss"]
[EventRounds "11"]
[EventCountry "TUR"]
[SourceTitle "CBM 188 Extra"]
[Source "ChessBase"]
[SourceDate "2019.02.26"]
[SourceVersion "1"]
[SourceVersionDate "2019.02.26"]
[SourceQuality "1"]

1. e4 Nf6 2. e5 Nd5 3. Nf3 d6 4. Bc4 Nb6 5. Bb3 Nc6 6. d4 dxe5 7. dxe5 Qxd1+ 8. Kxd1 Bg4 9. Bf4 Nd4 10. Nbd2 0-0-0 11. Ke1 Nxb3 12. axb3 a6 13. Ng5 Bh5 14. f3 h6 15. Nge4 g5 16. Bg3 Bg7 17. Rd1 Nd5 18. Kf2 Nb4 19. Rc1 Nc6 20. Nc4 Bg6 21. Rhe1 b5 22. Ne3 Bxe4 23. fxe4 Bxe5 24. Bxe5 Nxe5 25. Nd5 e6 26. Nb4 a5 27. Na2 b4 28. Ra1 Rd2+ 29. Re2 Rhd8 30. h3 Kb7 31. Ke3 Rd1 32. Re1 Rxa1 33. Rxa1 c5 34. Ke2 Kb6 35. Nc1 Rd4 36. Ke3 Rd1 37. Ke2 Rh1 38. c3 Rg1 39. Kf2 Rxc1 40. Rxc1 Nd3+ 41. Ke3 Nxc1 42. Kd2 Nxb3+ 43. Kd3 bxc3 44. Kxc3 a4 45. Kc4 f5 46. Kd3 Kb5 47. g3 fxe4+ 48. Kxe4 Nd2+ 49. Ke5 Nc4+ 50. Kxe6 0-1

[Event "TUR-ch (Women)"]
[Site "Aksu"]
[Date "2017.03.08"]
[Round "4"]
[White "Bahar, Ilgin"]
[Black "Aydin, Leyla"]
[Result "0-1"]
[WhiteElo "1226"]
[BlackElo "1348"]
[PlyCount "48"]
[EventDate "2017.03.06"]
[EventType "swiss"]
[EventRounds "9"]
[EventCountry "TUR"]
[SourceTitle "CBM 177 Extra"]
[Source "ChessBase"]
[SourceDate "2017.04.27"]
[SourceVersion "1"]
[SourceVersionDate "2017.04.27"]
[SourceQuality "1"]

1. e4 e5 2. Nf3 Nc6 3. Nc3 Nf6 4. Bc4 Nxe4 5. Bxf7+ Kxf7 6. Nxe4 Be7 7. Nxe5+ Nxe5 8. Qh5+ Ng6 9. Qf5+ Ke8 10. Qh5 d6 11. 0-0 Qd7 12. Re1 Qf5 13. Qxf5 Bxf5 14. d3 Bxe4 15. Rxe4 Kd7 16. Bd2 Rae8 17. Rae1 b6 18. c4 Bf6 19. b4 Rxe4 20. Rxe4 Re8 21. Rxe8 Kxe8 22. b5 Ne5 23. d4 Nxc4 24. Bc3 Na3 0-1

[Event "TUR-ch (Women)"]
[Site "Aksu"]
[Date "2017.03.06"]
[Round "1"]
[White "Aydin, Leyla"]
[Black "Gundogan, Sinem Cagla"]
[Result "0-1"]
[WhiteElo "1348"]
[BlackElo "2061"]
[PlyCount "78"]
[EventDate "2017.03.06"]
[EventType "swiss"]
[EventRounds "9"]
[EventCountry "TUR"]
[SourceTitle "CBM 177 Extra"]
[Source "ChessBase"]
[SourceDate "2017.04.27"]
[SourceVersion "1"]
[SourceVersionDate "2017.04.27"]
[SourceQuality "1"]

1. e4 e5 2. Nf3 Nc6 3. Bb5 Nge7 4. Nc3 g6 5. d4 exd4 6. Nd5 Nxd5 7. exd5 Qe7+ 8. Kf1 Ne5 9. Qe2 Nxf3 10. Qxf3 Bg7 11. Bh6 0-0 12. Bd2 a6 13. Re1 Qf6 14. Qxf6 Bxf6 15. Bd3 d6 16. f3 Bd7 17. Kf2 Bb5 18. Bxb5 axb5 19. a3 Rfe8 20. Bf4 Be5 21. Bd2 c5 22. dxc6 bxc6 23. f4 Bg7 24. Rxe8+ Rxe8 25. Re1 Rxe1 26. Kxe1 Kf8 27. Ke2 d3+ 28. Kxd3 Bxb2 29. c4 bxc4+ 30. Kxc4 Bxa3 31. Bc3 f5 32. Kd4 Ke7 33. Ke3 Ke6 34. Kf3 d5 35. g4 fxg4+ 36. Kxg4 c5 37. Kg5 d4 38. Bd2 c4 39. Kh6 Kf5 0-1